Windows Virus and Malware Troubleshooting

Make your PCs as secure as possible. Limit the routes of attack and safely and completely remove all traces of malware and viruses should an infection take place. Whatever version of Windows you’re using, the threat of virus and malware infection is always a danger. From key loggers and Trojans, int...

Full description

Bibliographic Details
Main Authors: Bettany, Andrew (Author), Halsey, Mike (Author)
Corporate Author: SpringerLink (Online service)
Format: Electronic eBook
Language:English
Published: Berkeley, CA : Apress : Imprint: Apress, 2017.
Subjects:
Online Access:Full Text via HEAL-Link
LEADER 02346nam a22003975i 4500
001 978-1-4842-2607-0
003 DE-He213
005 20170320122809.0
007 cr nn 008mamaa
008 170303s2017 xxu| s |||| 0|eng d
020 |a 9781484226070  |9 978-1-4842-2607-0 
024 7 |a 10.1007/978-1-4842-2607-0  |2 doi 
040 |d GrThAP 
100 1 |a Bettany, Andrew.  |e author. 
245 1 0 |a Windows Virus and Malware Troubleshooting  |h [electronic resource] /  |c by Andrew Bettany, Mike Halsey. 
264 1 |a Berkeley, CA :  |b Apress :  |b Imprint: Apress,  |c 2017. 
300 |a XVII, 95 p. 49 illus., 48 illus. in color.  |b online resource. 
336 |a text  |b txt  |2 rdacontent 
337 |a computer  |b c  |2 rdamedia 
338 |a online resource  |b cr  |2 rdacarrier 
347 |a text file  |b PDF  |2 rda 
505 0 |a 1. What is Malware? -- 2. Prevention and Defense -- 3. Malware Defense in Depth -- 4. Identifying Attacks -- 5. External Malware and Virus Resources -- 6. Manually Removing Malware. 
520 |a Make your PCs as secure as possible. Limit the routes of attack and safely and completely remove all traces of malware and viruses should an infection take place. Whatever version of Windows you’re using, the threat of virus and malware infection is always a danger. From key loggers and Trojans, intent on stealing passwords and data, to malware that can disable individual PCs or even a company network, the cost to business in downtime and loss of productivity can be enormous. What You Will Learn: Recognize malware and the problems it can cause Defend a PC against malware and viruses Configure advanced Windows features to prevent attack Identify types of malware and virus attack Discover third-party tools and resources available to help remove malware Manually remove malware and viruses from a PC. 
650 0 |a Computer science. 
650 0 |a Operating systems (Computers). 
650 1 4 |a Computer Science. 
650 2 4 |a Microsoft and .NET. 
650 2 4 |a Security. 
650 2 4 |a Operating Systems. 
700 1 |a Halsey, Mike.  |e author. 
710 2 |a SpringerLink (Online service) 
773 0 |t Springer eBooks 
776 0 8 |i Printed edition:  |z 9781484226063 
856 4 0 |u http://dx.doi.org/10.1007/978-1-4842-2607-0  |z Full Text via HEAL-Link 
912 |a ZDB-2-CWD 
950 |a Professional and Applied Computing (Springer-12059)